[Event "Kineshma op"]
[Site "Kineshma"]
[Date "2010.10.25"]
[Round "6"]
[White "Golikov, Nikolay"]
[Black "Lebedev, Vyacheslav"]
[Result "0-1"]
[WhiteElo "1961"]
[BlackElo "1821"]
[PlyCount "88"]
[EventDate "2010.10.20"]
[EventType "swiss"]
[EventRounds "9"]
[EventCountry "RUS"]
[SourceTitle "EXT 2011"]
[Source "ChessBase"]
[SourceDate "2010.11.26"]
[SourceVersion "1"]
[SourceVersionDate "2010.11.26"]
[SourceQuality "1"]

1. d4 Nf6 2. c4 e6 3. Nc3 b6 4. a3 a5 5. Nf3 Bb7 6. e3 Be7 7. Bd3 0-0 8. e4 d5 9. cxd5 exd5 10. e5 Nfd7 11. 0-0 c5 12. Re1 cxd4 13. Nxd4 Nc5 14. Bc2 Nba6 15. Qh5 g6 16. Qh6 Ne4 17. Nxe4 dxe4 18. Bxe4 Bxe4 19. Rxe4 Qd5 20. f3 Nc5 21. Rg4 Qxe5 22. Bd2 Bf6 23. Bc3 Bg7 24. Qf4 f5 25. Nc6 Qxf4 26. Rxf4 Bxc3 27. bxc3 Rf6 28. Ne7+ Kf7 29. Nd5 Rd6 30. c4 Ne6 31. Rh4 Kg7 32. Rb1 g5 33. Rh3 Rb8 34. Rf1 Rc8 35. Ne7 Rc5 36. Nd5 Rxc4 37. Ne3 Rc5 38. g4 Nf4 39. Rg3 Ne2+ 40. Kg2 Nxg3 41. hxg3 Rd2+ 42. Kg1 f4 43. Nf5+ Kf6 44. gxf4 gxf4 0-1

[Event "Kineshma op"]
[Site "Kineshma"]
[Date "2010.10.23"]
[Round "4"]
[White "Malyshev, Alexandr"]
[Black "Lebedev, Vyacheslav"]
[Result "0-1"]
[WhiteElo "1955"]
[BlackElo "1821"]
[PlyCount "83"]
[EventDate "2010.10.20"]
[EventType "swiss"]
[EventRounds "9"]
[EventCountry "RUS"]
[SourceTitle "EXT 2011"]
[Source "ChessBase"]
[SourceDate "2010.11.26"]
[SourceVersion "1"]
[SourceVersionDate "2010.11.26"]
[SourceQuality "1"]

1. e4 c5 2. Nf3 Nc6 3. d4 cxd4 4. Nxd4 Nf6 5. Nc3 g6 6. Nxc6 bxc6 7. e5 Nh5 8. Be2 Ng7 9. Bh6 Rb8 10. Rb1 Qa5 11. f4 Rxb2 12. Qd2 Rxb1+ 13. Nxb1 Qb6 14. Nc3 Nf5 15. Bxf8 Kxf8 16. Qd3 Qe3 17. g4 Qc1+ 18. Nd1 Ng7 19. 0-0 Ne6 20. Nc3 Qa3 21. f5 Nc5 22. Qf3 g5 23. f6 Ne6 24. Rb1 Qc5+ 25. Kf1 Qxe5 26. fxe7+ Kxe7 27. Re1 d5 28. Kg1 Nd4 29. Qf2 Nxc2 30. Rf1 Be6 31. Qxa7+ Kf8 32. Qa5 Kg7 33. Rf2 Rb8 34. Qc5 Nd4 35. Bd1 Qe3 36. Kg2 h5 37. Kf1 hxg4 38. Qa7 g3 39. hxg3 Bh3+ 40. Rg2 Rb2 41. Ne2 Rxe2 42. Bxe2 0-1

[Event "Kineshma"]
[Site "Kineshma"]
[Date "2009.08.07"]
[Round "6.3"]
[White "Malyshev, Alexandr"]
[Black "Lebedev, Vyacheslav"]
[Result "1/2-1/2"]
[WhiteElo "1955"]
[BlackElo "1821"]
[PlyCount "131"]
[EventDate "2009.08.03"]
[EventType "tourn"]
[EventRounds "9"]
[EventCountry "RUS"]
[SourceTitle "EXT 2022"]
[Source "ChessBase"]
[SourceDate "2021.10.06"]
[SourceVersion "1"]
[SourceVersionDate "2021.10.06"]
[SourceQuality "1"]

1. e4 c5 2. Nf3 Nc6 3. d4 cxd4 4. Nxd4 Nf6 5. Nc3 d6 6. Be2 e6 7. 0-0 Be7 8. Be3 0-0 9. f4 a6 10. Qd2 Qc7 11. Bf3 Bd7 12. Qf2 Rac8 13. Nde2 b5 14. a3 b4 15. axb4 Nxb4 16. Rfc1 Bc6 17. Nd4 Bb7 18. Ra4 d5 19. exd5 Nbxd5 20. Nxd5 Nxd5 21. Bxd5 Bxd5 22. c4 Qd7 23. b3 Bb7 24. Ra2 Bb4 25. Nc2 Bc3 26. Bd4 Bxd4 27. Nxd4 Rfd8 28. Rd2 h6 29. Rcd1 Qc7 30. Nc2 Be4 31. Rxd8+ Rxd8 32. Rxd8+ Qxd8 33. Nd4 Qa5 34. h3 Qc3 35. Kh2 a5 36. Qg1 Qb2 37. Kg3 Bxg2 38. Qf2 Qxf2+ 39. Kxf2 Bb7 40. c5 Kf8 41. c6 Ba6 42. c7 Ke8 43. Nc6 Bc8 44. Nb8 f6 45. h4 g6 46. Ke3 Ke7 47. Nc6+ Kd6 48. Nxa5 Kxc7 49. Nc4 Ba6 50. Nd2 Bb7 51. Nb1 Bd5 52. b4 Kc6 53. Nc3 Bg2 54. Kf2 Bh1 55. Ke3 e5 56. fxe5 fxe5 57. Ne4 Kd5 58. Nf2 Bg2 59. b5 g5 60. hxg5 hxg5 61. Ng4 Kd6 62. Nf6 Kc5 63. Ng4 e4 64. Nf6 Kxb5 65. Nxe4 Bxe4 66. Kxe4 1/2-1/2